| 000 | 00432cam a2200169ua 4500 | ||
|---|---|---|---|
| 020 | _c5.50 | ||
| 041 |
_aeng _h |
||
| 082 |
_a894.812308 _bMER/RI |
||
| 100 | _aMeredith, George . | ||
| 245 |
_aRichard Feveral / _cGeorge Meredith. _hTextual Documents |
||
| 260 |
_aKottayam : _bSahitya Pravarthaka Co-operative Society , _c1961. |
||
| 300 | _a459 ; . | ||
| 365 | _a5.50 | ||
| 504 | _a | ||
| 942 | _cBK | ||
| 999 |
_c6076 _d6076 |
||